[Event "GER-chT North U14"]
[Site "Magdeburg"]
[Date "2013.09.15"]
[Round "7.3"]
[White "Hofmann, Florian"]
[Black "Rosenthal, Moritz"]
[Result "0-1"]
[WhiteElo "1291"]
[BlackElo "1095"]
[PlyCount "40"]
[EventDate "2013.09.12"]
[EventType "team-swiss"]
[EventRounds "7"]
[EventCountry "GER"]
[SourceTitle "EXT 2014"]
[Source "ChessBase"]
[SourceDate "2013.11.20"]
[SourceVersion "1"]
[SourceVersionDate "2013.11.20"]
[SourceQuality "1"]
[WhiteTeam "Stendal"]
[BlackTeam "Werder Bremen"]
[WhiteTeamCountry "GER"]
[BlackTeamCountry "GER"]

1. e4 e5 2. f4 exf4 3. Nf3 Nf6 4. Nc3 Be7 5. Bc4 0-0 6. d4 Bb4 7. Qd3 Re8 8. Ng5 d5 9. Bb5 c6 10. Ba4 dxe4 11. Qc4 Qd5 12. Qxb4 Qxg5 13. 0-0 Bh3 14. g3 Bxf1 15. Kxf1 b5 16. Bxf4 Qf5 17. Bb3 a5 18. Qd6 a4 19. Bxf7+ Kxf7 20. Qc7+ Qd7 0-1

[Event "GER-chT North U14"]
[Site "Magdeburg"]
[Date "2013.09.12"]
[Round "1.4"]
[White "Hofmann, Florian"]
[Black "Schmidt, Bjarne"]
[Result "1/2-1/2"]
[WhiteElo "1291"]
[BlackElo "1402"]
[PlyCount "106"]
[EventDate "2013.09.12"]
[EventType "team-swiss"]
[EventRounds "7"]
[EventCountry "GER"]
[SourceTitle "EXT 2014"]
[Source "ChessBase"]
[SourceDate "2013.11.20"]
[SourceVersion "1"]
[SourceVersionDate "2013.11.20"]
[SourceQuality "1"]
[WhiteTeam "Stendal"]
[BlackTeam "Bremen Nord"]
[WhiteTeamCountry "GER"]
[BlackTeamCountry "GER"]

1. e4 d6 2. d4 g6 3. Nf3 Nf6 4. Nc3 Bg7 5. Bc4 0-0 6. 0-0 Nbd7 7. Bf4 c5 8. d5 a6 9. a4 Ne8 10. Qd3 f5 11. Ng5 Nc7 12. Qh3 h6 13. Ne6 Nxe6 14. dxe6 Nb6 15. Bd5 g5 16. Bd2 fxe4 17. Bxe4 Rf6 18. Nd5 Nxd5 19. Bxd5 Rg6 20. Qf5 Qe8 21. Bc3 Bxc3 22. bxc3 Rf6 23. Qe4 Rb8 24. f4 Qg6 25. fxg5 Qxe4 26. Bxe4 Rxe6 27. Bd5 hxg5 28. Bxe6+ Bxe6 29. Rae1 Bc4 30. Rf5 e5 31. Rxg5+ Kf8 32. Rd1 Ke7 33. h4 Rh8 34. Rg6 Be6 35. g3 Rh5 36. Rf1 Rh7 37. Rgf6 Bf7 38. R6f2 Rg7 39. Kh2 Bd5 40. Rb1 Kd7 41. c4 Bc6 42. Kh3 Kc7 43. h5 Bd7+ 44. Kh2 Be6 45. c3 Bxc4 46. Rg1 Be6 47. a5 Rg4 48. Kh3 Rg5+ 49. Kh4 Rg4+ 50. Kh3 Rg5+ 51. Kh4 Rg4+ 52. Kh3 Rg5+ 53. Kh4 Rg4+ 1/2-1/2

[Event "Dresden ZMD op-C 21th"]
[Site "Dresden"]
[Date "2012.08.26"]
[Round "9"]
[White "Hofmann, Florian"]
[Black "Schulze, Lukas"]
[Result "0-1"]
[WhiteElo "899"]
[BlackElo "970"]
[PlyCount "84"]
[EventDate "2012.08.18"]
[EventType "swiss"]
[EventRounds "9"]
[EventCountry "GER"]
[SourceTitle "CBM 150 Extra"]
[Source "ChessBase"]
[SourceDate "2012.10.19"]
[SourceVersion "1"]
[SourceVersionDate "2012.10.19"]
[SourceQuality "1"]

1. e4 e6 2. d4 d5 3. exd5 exd5 4. Nf3 Nf6 5. Bg5 c6 6. Nbd2 Bd6 7. Bd3 Bc7 8. 0-0 Qd6 9. Re1+ Be6 10. Bxf6 gxf6 11. Bf5 Nd7 12. g3 0-0-0 13. Bxe6 fxe6 14. Re2 Rhg8 15. Qe1 Rde8 16. Kf1 f5 17. Nh4 Kd8 18. f4 Bb6 19. c3 c5 20. Nhf3 cxd4 21. cxd4 Qb4 22. Rd1 Bxd4 23. Nxd4 Qxd4 24. Nb3 Qf6 25. Qa5+ b6 26. Qxa7 Qh6 27. Qa8+ Ke7 28. Qa3+ Kf7 29. Rc1 Qh3+ 30. Rg2 h5 31. Rcc2 h4 32. gxh4 Rxg2 33. Rxg2 Rg8 34. Ke1 Rxg2 35. Nd2 Qxa3 36. bxa3 Rxh2 37. Kd1 Rxh4 38. Kc2 Rxf4 39. Kb3 Rf2 40. Nb1 Nc5+ 41. Kb4 Rxa2 42. Nc3 Rb2# 0-1

[Event "Dresden ZMD op-C 21th"]
[Site "Dresden"]
[Date "2012.08.23"]
[Round "6"]
[White "Hofmann, Florian"]
[Black "Schubert, Christoph"]
[Result "1/2-1/2"]
[WhiteElo "899"]
[BlackElo "976"]
[PlyCount "115"]
[EventDate "2012.08.18"]
[EventType "swiss"]
[EventRounds "9"]
[EventCountry "GER"]
[SourceTitle "CBM 150 Extra"]
[Source "ChessBase"]
[SourceDate "2012.10.19"]
[SourceVersion "1"]
[SourceVersionDate "2012.10.19"]
[SourceQuality "1"]

1. e4 e5 2. f4 exf4 3. Nf3 d6 4. Nc3 f5 5. Bc4 Nf6 6. d3 fxe4 7. dxe4 Nc6 8. Bxf4 h6 9. 0-0 g5 10. Be3 Bg4 11. h3 Bd7 12. g4 Qe7 13. Re1 0-0-0 14. Nd4 Nxe4 15. Nxc6 Bxc6 16. Nd5 Bxd5 17. Qxd5 c6 18. Qf5+ Kb8 19. Bd4 Rh7 20. Rxe4 Qd7 21. Qxd7 Rhxd7 22. Rae1 d5 23. Be5+ Bd6 24. Bxd5 cxd5 25. Bxd6+ Rxd6 26. Re6 Rxe6 27. Rxe6 Rc8 28. c3 Rc6 29. Re8+ Rc8 30. Re5 Rd8 31. h4 gxh4 32. Rh5 d4 33. cxd4 Rxd4 34. Rxh4 h5 35. Rxh5 Rxg4+ 36. Kf2 Rc4 37. Rh8+ Kc7 38. Rh7+ Kb6 39. Rh6+ Ka5 40. Rh5+ b5 41. Ke1 Rc2 42. Rh7 a6 43. b4+ Kxb4 44. Rh4+ Ka5 45. a3 Ra2 46. Rh3 Ka4 47. Rh6 a5 48. Rh4+ Kxa3 49. Rh3+ Ka4 50. Rh4+ b4 51. Kd1 Ka3 52. Rh3+ b3 53. Kc1 Ra1+ 54. Kd2 Ka2 55. Rh5 b2 56. Rxa5+ Kb3 57. Rb5+ Kc4 58. Rxb2 1/2-1/2

[Event "Dresden ZMD op-C 21th"]
[Site "Dresden"]
[Date "2012.08.20"]
[Round "3"]
[White "Hansch, Bianca"]
[Black "Hofmann, Florian"]
[Result "1-0"]
[WhiteElo "1177"]
[BlackElo "899"]
[PlyCount "71"]
[EventDate "2012.08.18"]
[EventType "swiss"]
[EventRounds "9"]
[EventCountry "GER"]
[SourceTitle "CBM 150 Extra"]
[Source "ChessBase"]
[SourceDate "2012.10.19"]
[SourceVersion "1"]
[SourceVersionDate "2012.10.19"]
[SourceQuality "1"]

1. e4 e5 2. Nf3 Nc6 3. Bc4 Bc5 4. c3 Nf6 5. d4 exd4 6. cxd4 Bb4+ 7. Bd2 Qe7 8. 0-0 Bxd2 9. Nbxd2 Nxe4 10. Re1 0-0 11. Nxe4 Qd8 12. Neg5 d5 13. Qd3 g6 14. Bb3 Bf5 15. Qe3 Re8 16. Qxe8+ Qxe8 17. Rxe8+ Rxe8 18. Bxd5 Re2 19. Bxf7+ Kg7 20. Nh4 Bd3 21. d5 Nd8 22. Ne6+ Nxe6 23. Bxe6 Rxb2 24. h3 Bc4 25. Rc1 b5 26. d6 Bxe6 27. Rxc7+ Kf6 28. Rxa7 Bxa2 29. d7 Ke7 30. Nf3 b4 31. Ne5 Be6 32. Nc6+ Kd6 33. d8Q+ Kxc6 34. Rc7+ Kb6 35. Qb8+ Ka6 36. Ra7# 1-0

[Event "Dresden ZMD op-C 21th"]
[Site "Dresden"]
[Date "2012.08.19"]
[Round "2"]
[White "Hofmann, Florian"]
[Black "Sorge, Dieter"]
[Result "0-1"]
[WhiteElo "899"]
[BlackElo "1320"]
[PlyCount "70"]
[EventDate "2012.08.18"]
[EventType "swiss"]
[EventRounds "9"]
[EventCountry "GER"]
[SourceTitle "CBM 150 Extra"]
[Source "ChessBase"]
[SourceDate "2012.10.19"]
[SourceVersion "1"]
[SourceVersionDate "2012.10.19"]
[SourceQuality "1"]

1. e4 Nf6 2. Nc3 d6 3. f4 e5 4. d3 Nc6 5. Nf3 Bg4 6. f5 d5 7. Qe2 Nd4 8. Qf2 Bxf3 9. gxf3 dxe4 10. fxe4 Bb4 11. a3 Ba5 12. b4 Bb6 13. Qg2 Nh5 14. Ra2 Qh4+ 15. Kd1 Qd8 16. a4 a5 17. bxa5 Bxa5 18. Bd2 c6 19. Be2 Nxe2 20. Qxe2 Qh4 21. Be1 Qh3 22. Rf1 Nf4 23. Qd2 Qxf1 24. d4 Qf3+ 25. Kc1 Ne2+ 26. Kb1 Nxc3+ 27. Kc1 Nxa2+ 28. Kb1 Bxd2 29. Bxd2 Qd1+ 30. Kxa2 Rxa4+ 31. Kb3 Qxd2 32. Kxa4 Qxc2+ 33. Kb4 Ke7 34. Ka5 Qb2 35. dxe5 Ra8# 0-1